000 00486nam a2200181Ia 4500
001 18337
005 20260306171623.0
008 260306s9999||||xx |||||||||||||| ||und||
041 _aESP
082 _a658.403
_bT48
100 _aThompson, Donald N.
_eAUT
245 0 _aOráculos:
_bcómo los mercados de predicción convierten a los empleados en visionarios
260 _c2012
300 _a302 páginas :
_c23 cm.
650 _aGEN
654 _aCAN
942 _cLIB
_dJUS
_fJUS
_2ddc
_n
999 _c18337
_d18337